USA - Telefonvorwahlen 7XX - Statistiken

Allgemein
  • Dieses Quiz wurde 26 mal gespielt
  • Das Durchschnittsergebnis liegt bei 10 aus 46
Antwortstatistiken
Hint Antwort % Korrekt
772 Florida
50%
725 Nevada
50%
718 New York
50%
757 Virginia
50%
715 Wisconsin
50%
707 California
25%
714 California
25%
747 California
25%
760 California
25%
719 Colorado
25%
720 Colorado
25%
727 Florida
25%
706 Georgia
25%
770 Georgia
25%
708 Illinois
25%
773 Illinois
25%
779 Illinois
25%
765 Indiana
25%
712 Iowa
25%
785 Kansas
25%
781 Massachusetts
25%
763 Minnesota
25%
702 Nevada
25%
775 Nevada
25%
732 New Jersey
25%
716 New York
25%
704 North Carolina
25%
701 North Dakota
25%
740 Ohio
25%
717 Pennsylvania
25%
724 Pennsylvania
25%
731 Tennessee
25%
713 Texas
25%
764 California
0%
754 Florida
0%
786 Florida
0%
762 Georgia
0%
730 Illinois
0%
774 Massachusetts
0%
734 Michigan
0%
769 Mississippi
0%
743 North Carolina
0%
726 Texas
0%
737 Texas
0%
703 Virginia
0%
771 Washington D.C.
0%
Keine übereinstimmenden Quizze gefunden
Verteilung der Resultate
Anzahl Personen mit jedem Resultat
Perzentil nach korrekt beantworteten Fragen
Ihre Resultats-Entwicklung
Sie haben dieses Quiz noch nicht gespielt